| 000 | 02053nam a2200421Ia 4500 | ||
|---|---|---|---|
| 001 | dia_5855 | ||
| 003 | CHAP | ||
| 005 | 20250207134539.0 | ||
| 007 | ta | ||
| 008 | 220117s2014 mx bdeofr 001 0 spa d | ||
| 040 |
_cCHAP _amxchpua |
||
| 090 |
_aT.C.662 _bP47 EIUPA _c2014 |
||
| 245 | 1 | 0 |
_aCafé Nogueras en Comala, Colima / _ccoordinador Juan Pérez Barrón ; colaboradores David Ángel Ángel...[et al.] |
| 260 |
_aMéxico : _bEl autor, _c2014 |
||
| 300 |
_a75 hojas : _bmapas, gráficas, diagramas, tablas, fotos, planos + _e1 CD-ROM |
||
| 336 |
_2rdacontent _atexto _btxt |
||
| 337 |
_2rdamedia _ano mediado _bn |
||
| 338 |
_2rdacarrier _avolumen _bnc |
||
| 500 | _a7° año Grupo 5 -- El CD contiene planos y reporte. | ||
| 502 |
_aViaje de estudios _b(EIUPA) -- _c UACh. Departamento de Ingeniería Agroindustrial, _d2014 |
||
| 504 | _aBibliografía: hoja 73 | ||
| 505 | _a3 planos -- 1. Plano de distribución de áreas (Esc. 1:100) -- 2. Diagrama de recorrido del producto 1 (Esc. 1:100) -- 3. Diagrama de recorrido del producto 2 (Esc. 1:100) | ||
| 650 | 1 | 0 |
_aProductos del café _xIndustria y comercio _zMéxico _9159558 |
| 650 | 1 | 0 |
_aCoffee products _xIndustry and trade _zMexico _9159557 |
| 700 | 1 |
_9148338 _aPérez Barrón, Juan _ecoordinador |
|
| 700 | 1 |
_9189011 _aÁngel Ángel, David _ecolaborador |
|
| 856 | 4 | 2 |
_uhttp://10.13.5.2/ve/TC662EIUPA/TC662EIUPA2014-PLANO-DISTRIBUCIONDEAREAS.pdf _yDESCARGAR PLANO DE DISTRIBUCIÓN DE ÁREAS |
| 856 | 4 | 2 |
_uhttp://10.13.5.2/ve/TC662EIUPA/TC662EIUPA2014-PLANO-DIAGRAMADERECORRIDO,COBERTIZO.pdf _yDESCARGAR DIAGRAMA DE RECORRIDO DEL PRODUCTO 1 |
| 856 | 4 | 2 |
_uhttp://10.13.5.2/ve/TC662EIUPA/TC662EIUPA2014-PLANO-DIAGRAMADERECORRIDO.pdf _yDESCARGAR DIAGRAMA DE RECORRIDO DEL PRODUCTO 2 |
| 856 | 4 | 2 |
_uhttp://10.13.5.2/ve/TC662EIUPA/TC662EIUPA2014-REPORTE.pdf _yDESCARGAR REPORTE |
| 901 | _aT.C.662 P47 EIUPA 2014 | ||
| 902 | _aM | ||
| 905 | _a5232272014 mx emdl8223123322spa16 | ||
| 942 | _2local | ||
| 942 | _cVE | ||
| 999 |
_c176813 _d176813 |
||